UM Logo

Emergency medicine: (Record no. 6247)

MARC details
000 -LEADER
fixed length control field 00733nam a2200193 4500
008 - FIXED-LENGTH DATA ELEMENTS--GENERAL INFORMATION
fixed length control field 170217b xxu||||| |||| 00| 0 eng d
020 ## - INTERNATIONAL STANDARD BOOK NUMBER
International Standard Book Number 0-07-138875-3
082 ## - DEWEY DECIMAL CLASSIFICATION NUMBER
Edition number 2004
Classification number DC 616.025
Item number Em32
245 ## - TITLE STATEMENT
Title Emergency medicine:
Remainder of title a comparative study/
Statement of responsibility, etc. edited by Judith E. Tintinalli, Gabor D. Kelen and J. Stephen Stapczynski.
250 ## - EDITION STATEMENT
Edition statement Sixth Edition
260 ## - PUBLICATION, DISTRIBUTION, ETC. (IMPRINT)
Place of publication, distribution, etc. New York:
Name of publisher, distributor, etc. McGraw-Hill,
Date of publication, distribution, etc. c2004.
300 ## - PHYSICAL DESCRIPTION
Extent xxxix, 2043 pages:
Other physical details illustrations;
Dimensions 28 cm.
500 ## - GENERAL NOTE
General note Includes bibliographical references and index.
650 #0 - SUBJECT ADDED ENTRY--TOPICAL TERM
9 (RLIN) 18836
Topical term or geographic name as entry element Emergency medicine.
700 ## - ADDED ENTRY--PERSONAL NAME
9 (RLIN) 18837
Personal name Tintinalli, Judith E.
Relator term editor
700 ## - ADDED ENTRY--PERSONAL NAME
9 (RLIN) 18838
Personal name Kelen, Gabor D.
Relator term editor
700 ## - ADDED ENTRY--PERSONAL NAME
9 (RLIN) 18839
Personal name Stapczynski, J. Stephen
Relator term editor
942 ## - ADDED ENTRY ELEMENTS (KOHA)
Source of classification or shelving scheme Dewey Decimal Classification
Koha item type Circulation
Holdings
Withdrawn status Lost status Source of classification or shelving scheme Damaged status Not for loan Collection code Home library Current library Date acquired Source of acquisition Total Checkouts Full call number Barcode Date last seen Price effective from Koha item type
    Dewey Decimal Classification     Circulation UM Digos College - LIC UM Digos College - LIC 09/09/2004 Purchased   DC 616.025 Em32 2004 17749 06/08/2021 02/17/2017 Circulation